banner koha

Yield and composition of the essential oil of Tetradenia riparia (Hochst) codd (Lamiaceae) cultivated under different shading levels (Registro n. 5045)

MARC details
000 -LÍDER
fixed length control field 04528nab a2200337 i 4500
003 - CÓDIGO MARC DA AGÊNCIA CATALOGADORA
Campo de controle BR-BrBNA
005 - DATA E HORA DA ÚLTIMA ATUALIZAÇÃO
Campo de controle 20230906083554.0
008 - CAMPO DE TAMANHO FIXO
fixed length control field 230417b2018 bl.ar|pooa||| 00| 0 eng |
040 ## - FONTE DA CATALOGAÇÃO
Agência catalogadora BR-BrBNA
Idioma da catalogação eng
072 ## - CATEGORIA AGRIS
Código AGRIS F60
072 ## - CATEGORIA AGRIS
Código AGRIS F01
072 ## - CATEGORIA AGRIS
Código AGRIS F61
100 ## - ENTRADA PRINCIPAL - NOME PESSOAL
Nome pessoal Araújo, L.L.N.
100 ## - ENTRADA PRINCIPAL - NOME PESSOAL
Nome pessoal Melo, H.C.
100 ## - ENTRADA PRINCIPAL - NOME PESSOAL
Nome pessoal Paula, J.R.
100 ## - ENTRADA PRINCIPAL - NOME PESSOAL
Nome pessoal Alves, F.R.R.
100 ## - ENTRADA PRINCIPAL - NOME PESSOAL
Nome pessoal Portes, T.A.
245 ## - TÍTULO PRINCIPAL
Título principal Yield and composition of the essential oil of Tetradenia riparia (Hochst) codd (Lamiaceae) cultivated under different shading levels
500 ## - NOTA GERAL
Nota geral Publicação on-line; 35 ref.; 2 tables; Summaries (En, Pt)
942 ## - ADDED ENTRY ELEMENTS (KOHA)
Koha item type
520 ## - NOTA DE RESUMO
Nota de conteúdo <br/><br/>ABSTRACT - Light has direct influence on growth and development by altering the<br/>morphophysiology of the plant and the content and composition of secondary<br/>metabolites.The present study aimed to evaluate the yield and composition of the<br/>essential oil of Tetradenia riparia cultivated under different shading levels. Plants<br/>were propagated by cuttings and cultivated either under full sunlight and in<br/>environment completely covered by black polyethylene sheeting to obtain shading<br/>levels of 30%, 50%, and 80%. Plants were grown under experimental conditions for<br/>150 days. The essential oil was extracted from fresh leaves in triplicate for each<br/>treatment through steam distillation with a modified Clevenger apparatus. The<br/>components of the essential oil were identified using a gas chromatograph coupled<br/>with a mass spectrometer (GC/MS), and compared to retention indices and authentic<br/>mass. The largest yields of essential oil came from plants cultivated under 30% and<br/>50% shading, followed by plants cultiveted under full sunlight and under 80%<br/>shading. The main component found was the sesquiterpene hydrocarbon 14-hydroxy9-epi-(E)-caryophyllene. <br/>Some components, such as verbenone, were only found in<br/>the treatment under full sunlight, while numerous others were exclusive to the different<br/>shading treatments. The yield and chemical composition of the essential oil of<br/>T. riparia is influenced by the level of shading.<br/><br/>Keywords: 14-hydroxy-9-epi-(E)-caryophyllene, medicinal plant, secondary<br/>metabolites, shading levels.
520 ## - NOTA DE RESUMO
Nota de conteúdo <br/><br/>RESUMO - A luz tem influência direta no crescimento e desenvolvimento, alterando<br/>a morfofisiologia da planta e o conteúdo e composição dos metabólitos secundários.<br/>O presente estudo teve como objetivo avaliar o rendimento e composição do óleo<br/>essencial de Tetradenia riparia cultivada em diferentes níveis de sombreamento.<br/>As plantas foram propagadas por estaquia e cultivadas tanto em pleno sol como<br/>em minicasas de vegetação completamente cobertas com telas de polietileno pretas,<br/>a fim de proporcionar diferentes níveis de sombreamento: 30%, 50% e 80%. As<br/>plantas foram cultivadas sob condições experimentais de 150 dias. O óleo essencial<br/>foi extraído a partir de folhas frescas em triplicata para cada tratamento pelo<br/>método de hidrodestilação por arraste de vapor d’água, utilizando-se aparelho<br/>Clevenger modificado. Os componentes de óleo essencial foram identificados<br/>utilizando-se um cromatógrafo gasoso acoplado a espectrômetro de massas (CG/<br/>EM) e por comparação com seus índices de retenção e espectros de massa<br/>autênticos. Os maiores rendimentos de óleo essencial foram observados em plantas<br/>cultivadas sob 30% e 50% de sombreamento, seguidas por plantas cultivadas em<br/>pleno sol e sob 80% de sombreamento. O principal componente encontrado foi de<br/>hidrocarboneto sesquiterpênico 14-hidroxi-9-epi-(E)-cariofileno. Alguns componentes, como a<br/>verbenona, foram encontrados somente no tratamento em pleno sol, enquanto numerosos outros foram<br/>exclusivos dos tratamentos de sombreamento. O rendimento e a composição química do óleo essencial<br/>de T. riparia são influenciados pelo nível de sombreamento.<br/><br/>Palavras-chave: 14-hidroxi-9-epi-(E)-cariofileno, metabólitos secundários, níveis de sombreamento, planta<br/>medicinal.
650 ## - ASSUNTO - THESAGRO
Cabeçalho tópico ou nome geográfico SOMBREAMENTO
650 ## - ASSUNTO - THESAGRO
Cabeçalho tópico ou nome geográfico PLANTA MEDICINAL
650 ## - ASSUNTO - THESAGRO
Cabeçalho tópico ou nome geográfico MORFOLOGIA VEGETAL
650 ## - ASSUNTO - THESAGRO
Cabeçalho tópico ou nome geográfico COMPOSIÇÃO QUÍMICA
650 ## - ASSUNTO - THESAGRO
Cabeçalho tópico ou nome geográfico ÓLEO ESSENCIAL
773 0# - ENTRADA ANALÍTICA
Host Biblionumber 886
Registro do item 1815
Imprenta Londrina-PR : Sociedade Brasileira da Ciência das Plantas Daninhas, 1978
Outro identificador 2023-031022
Título Planta Daninha (Brazil)
ISSN 0100-8358; 1806-9681 (on-line)
Colação v. 36 p. 1-9; (2018)
Número de controle de registro BR2023000066
856 ## - ACESSO E ENDEREÇO ELETRÔNICO
Identificador uniforme de recurso - URI https://www.scielo.br/j/pd/a/XDnh5xnw7hj3hfC56j99zKt/?format=pdf&lang=en

Nenhum exemplar disponível.

BINAGRI

Telefone: (61)3218-2567/2388/3357/2097 - binagri@agro.gov.br

Ministério da Agricultura e Pecuária , Esplanada dos Ministérios, Bloco D, Anexo B, Brasília/DF, CEP: 70.043-900